[Event "Chigorin Memorial 2019"]
[Site "St Petersburg RUS"]
[Date "2019.10.06"]
[Round "2.114"]
[White "Laukhina, Margarita A."]
[Black "Kiseleva, Arina"]
[Result "0-1"]
[BlackTitle "WCM"]
[WhiteElo "1770"]
[BlackElo "2034"]
[WhiteFideId "54192730"]
[BlackFideId "4164989"]
[EventDate "2019.10.05"]

1. c4 Nf6 2. g3 g6 3. Bg2 Bg7 4. Nf3 O-O 5. O-O d6 6. d4 Nc6 7. Nc3 a6 8. e4 Bg4
9. h3 Bxf3 10. Bxf3 e5 11. d5 Nd4 12. Bg2 c5 13. f4 Nh5 14. Kh2 exf4 15. Bxf4
Nxf4 16. Rxf4 Be5 17. Rf2 h5 18. Kh1 Bxg3 19. Rd2 Qh4 20. Rd3 Be5 21. Ne2 f5 22.
Nxd4 cxd4 23. Qf3 Kg7 24. Rb3 Rab8 25. c5 dxc5 26. Rb6 Bc7 27. Re6 fxe4 28. Qxe4
Qg3 29. Re7+ Kh6 30. Rxc7 Qxc7 31. Re1 Qd7 32. Qc2 Rbe8 33. Rxe8 Qxe8 34. Qxc5
Qe1+ 35. Kh2 Qe5+ 36. Kg1 Re8 37. Qb6 Qe3+ 38. Kh1 Qc1+ 0-1

[Event "Chigorin Memorial 2019"]
[Site "St Petersburg RUS"]
[Date "2019.10.06"]
[Round "2.115"]
[White "Pavlov, Mikhail"]
[Black "Golovanskikh, Dmitriy"]
[Result "1/2-1/2"]
[WhiteElo "2034"]
[BlackElo "1764"]
[WhiteFideId "44126573"]
[BlackFideId "54123178"]
[EventDate "2019.10.05"]

1. e4 c6 2. d4 d5 3. e5 Bf5 4. Nf3 e6 5. Be2 c5 6. Be3 Nc6 7. dxc5 Qc7 8. Nc3 a6
9. Nd4 Nxd4 10. Qxd4 Ne7 11. Qa4+ Nc6 12. f4 O-O-O 13. O-O-O d4 14. Bxd4 Nxd4
15. Rxd4 Rxd4 16. Qxd4 Bxc5 17. Qa4 Rd8 18. Rd1 Rxd1+ 19. Nxd1 Kb8 20. Qb3 Ka7
21. Bf3 h6 22. Kd2 Bg1 23. h3 Bh2 24. Qe3+ Qb6 25. c3 Qxe3+ 26. Kxe3 g5 27. fxg5
hxg5 28. Be4 Bxe5 29. g4 Bf4+ 30. Kf3 Bxe4+ 31. Kxe4 Bh2 32. Ne3 Kb8 33. Nc4 f6
34. Nd2 Kc7 35. Nf3 Bg3 36. Nd4 Kd6 37. a4 Bf2 38. Nb3 Bb6 39. Nd2 Bf2 40. b4 b5
41. axb5 axb5 42. Nb3 Bb6 43. Nd2 1/2-1/2

[Event "Chigorin Memorial 2019"]
[Site "St Petersburg RUS"]
[Date "2019.10.06"]
[Round "2.116"]
[White "Makshanov, Matvey"]
[Black "Svidinsky, Dmitry"]
[Result "1/2-1/2"]
[WhiteElo "1753"]
[BlackElo "2033"]
[WhiteFideId "24218081"]
[BlackFideId "24120251"]
[EventDate "2019.10.05"]

1. e4 c5 2. Nf3 d6 3. Bb5+ Bd7 4. Bxd7+ Qxd7 5. c4 Nf6 6. Nc3 Nc6 7. d4 cxd4 8.
Nxd4 g6 9. b3 Bg7 10. Bb2 O-O 11. O-O Rfc8 12. Re1 Nxd4 13. Qxd4 Rc5 14. Nd5 Ne8
15. Qd2 Bxb2 16. Qxb2 e6 17. Ne3 b5 18. Rad1 Qb7 19. Qd4 a5 20. cxb5 Qxb5 21.
Nc4 a4 22. Nxd6 Nxd6 23. Qxd6 axb3 24. axb3 Rc3 25. Qe7 Rxb3 26. Rd8+ Rxd8 27.
Qxd8+ Kg7 28. e5 Qxe5 29. Qd1 Qb2 30. h3 Ra3 31. Qd6 Ra1 32. Rxa1 Qxa1+ 33. Kh2
e5 34. Qe7 h5 35. g3 Qd4 36. Kg1 Qe4 37. h4 Qf5 38. Kg2 Qf6 39. Qb7 g5 40. hxg5
Qxg5 41. Qe4 h4 42. Qxh4 Qxh4 43. gxh4 f5 44. Kg3 Kg6 45. f3 Kh5 46. Kh3 f4 47.
Kh2 Kxh4 48. Kg2 Kg5 49. Kf2 Kf5 50. Ke2 1/2-1/2

[Event "Chigorin Memorial 2019"]
[Site "St Petersburg RUS"]
[Date "2019.10.06"]
[Round "2.117"]
[White "Ponomarev, Denis"]
[Black "Bugaev, Anton"]
[Result "1-0"]
[WhiteElo "2031"]
[BlackElo "1758"]
[WhiteFideId "44136650"]
[BlackFideId "54176085"]
[EventDate "2019.10.05"]

1. e4 c5 2. Nf3 d6 3. d4 cxd4 4. Nxd4 Nf6 5. Nc3 g6 6. f4 Nc6 7. Nxc6 bxc6 8. e5
dxe5 9. Qxd8+ Kxd8 10. fxe5 Nd5 11. Bc4 Nxc3 12. bxc3 Be6 13. Bxe6 fxe6 14. O-O
Bg7 15. Ba3 Bxe5 16. Rad1+ Bd6 17. Bxd6 exd6 18. Rf7 d5 19. Re1 Re8 20. Rxh7 e5
21. Rg7 e4 22. Rxg6 Kd7 23. c4 Rg8 24. Rxg8 Rxg8 25. cxd5 cxd5 26. c4 dxc4 27.
Rxe4 Rc8 28. Kf2 c3 29. Re1 c2 30. Rc1 Ke6 31. Ke2 Kf5 32. Kd3 Rh8 33. Rxc2 Kf4
34. Rc4+ Kg5 35. h3 Rf8 36. Ke3 Rb8 37. Kf3 Rf8+ 38. Kg3 Rd8 39. Rc5+ Kg6 40.
Ra5 Rd7 41. Kh4 Rc7 42. g4 Kh6 43. Ra6+ Kg7 44. Kh5 Rb7 45. g5 Rc7 46. h4 Rb7
47. Ra4 Kh7 48. Kg4 Kg7 49. h5 Rb1 50. Rxa7+ Kg8 51. h6 Rg1+ 52. Kf5 Rc1 53. Re7
Rc2 54. Kf6 Rc6+ 55. Re6 Rc8 56. g6 Rf8+ 57. Kg5 Ra8 58. h7+ Kg7 59. Re7+ Kh8
60. Kh6 Rg8 61. hxg8=Q+ Kxg8 62. Re8# 1-0

[Event "Chigorin Memorial 2019"]
[Site "St Petersburg RUS"]
[Date "2019.10.06"]
[Round "2.118"]
[White "Vorobyova, Ekaterina"]
[Black "Hefner, Felix"]
[Result "0-1"]
[WhiteElo "1748"]
[BlackElo "2036"]
[WhiteFideId "34166006"]
[BlackFideId "12910651"]
[EventDate "2019.10.05"]

1. e4 c5 2. Nc3 d6 3. g3 Nf6 4. Bg2 e6 5. d3 Nc6 6. Nge2 Be7 7. O-O O-O 8. f4
Qc7 9. h3 a6 10. Qe1 b5 11. Be3 Bb7 12. g4 Nd7 13. f5 Nde5 14. Nf4 Qd7 15. Qf2
Rad8 16. Nh5 g6 17. f6 gxh5 18. Bh6 hxg4 19. h4 Nf3+ 20. Bxf3 Bxf6 21. Qg3 Bd4+
22. Kh1 Rfe8 23. Bxg4 Kh8 24. Ne2 Be5 25. Qf2 Rg8 26. Bh5 f5 27. Bf3 Rg6 28. Bg5
Rdg8 29. Bh5 R6g7 30. Nf4 fxe4 31. dxe4 Nd4 32. Rae1 Nf5 33. c3 h6 34. Bxh6 Nxh6
35. Ng6+ Rxg6 36. Bxg6 Rxg6 37. Qf8+ Kh7 38. h5 Rg7 39. Qf3 Qe7 40. Qh3 Qg5 41.
Re2 Nf5 0-1

[Event "Chigorin Memorial 2019"]
[Site "St Petersburg RUS"]
[Date "2019.10.06"]
[Round "2.119"]
[White "Gordon, Evgeny"]
[Black "Karmanova, Olga Dm."]
[Result "0-1"]
[WhiteElo "2030"]
[BlackElo "1768"]
[WhiteFideId "2807289"]
[BlackFideId "24215333"]
[EventDate "2019.10.05"]

1. d4 Nf6 2. Nf3 g6 3. c4 Bg7 4. Nc3 O-O 5. e3 d6 6. Be2 Nbd7 7. O-O e5 8. Qc2
Re8 9. Rd1 e4 10. Nd2 Qe7 11. b4 Nf8 12. Bb2 Bf5 13. Rac1 h5 14. Nd5 Nxd5 15.
cxd5 Rac8 16. Nb3 Qg5 17. Na5 Bh3 18. Bf1 Bg4 19. Re1 Qxd5 20. Bc4 Qg5 21. Nxb7
h4 22. Bf1 h3 23. g3 Nh7 24. Na5 Qf5 25. Nc4 Ng5 26. Nd2 Re6 27. f4 exf3 28.
Qxf5 gxf5 29. Kf2 Re7 30. b5 Ne4+ 31. Nxe4 fxe4 32. Rc6 Bd7 33. Rc2 c5 34. Rec1
Ree8 35. dxc5 Bxb2 36. Rxb2 Rxc5 37. Rxc5 dxc5 38. a4 Rc8 39. Bc4 Be6 40. Bxe6
fxe6 41. g4 Kf7 42. Kg3 Ke7 43. Kxh3 c4 44. Kg3 c3 45. Rc2 Kd6 46. g5 Kd5 47. g6
Kc4 48. h4 Kd3 49. Rc1 c2 50. h5 Rc5 51. Kh4 Kd2 52. g7 Rc8 53. Rxc2+ Kxc2 54.
Kg4 Kd3 55. h6 Rc2 56. h7 f2 57. g8=Q f1=Q 58. Qd8+ Kxe3 59. Qg5+ Kd3 60. Qd8+
Ke3 61. Qg5+ Ke2 62. h8=Q Qf3+ 63. Kh4 Qh1+ 64. Kg3 Qxh8 65. Qg4+ Kd2 66. Qxe4 0-1

[Event "Chigorin Memorial 2019"]
[Site "St Petersburg RUS"]
[Date "2019.10.06"]
[Round "2.120"]
[White "Zolotyh, Lev"]
[Black "Kulek, Yuri"]
[Result "1-0"]
[WhiteElo "1745"]
[BlackElo "2029"]
[WhiteFideId "34133353"]
[BlackFideId "4191684"]
[EventDate "2019.10.05"]

1. e4 c5 2. Nf3 e6 3. d4 cxd4 4. Nxd4 a6 5. Nc3 Qc7 6. Be2 Nf6 7. O-O Be7 8. f4
d6 9. Kh1 O-O 10. Qe1 b5 11. Bf3 Bb7 12. e5 Ne8 13. Qg3 Nc6 14. Be3 Rb8 15. f5
dxe5 16. Nxc6 Bxc6 17. fxe6 f5 18. Bxc6 Qxc6 19. Qxe5 Nf6 20. Bd4 b4 21. Ne2 Rb5
22. Qg3 Qxe6 23. Nf4 Qe4 24. Rae1 Qb7 25. Ne6 Rf7 26. Ng5 Rf8 27. Qb3+ Nd5 28.
Ne6 Rf7 29. Nxg7 Rxg7 30. Bxg7 Kxg7 31. Qg3+ Kh8 32. Rxf5 Qd7 33. Rf7 1-0

[Event "Chigorin Memorial 2019"]
[Site "St Petersburg RUS"]
[Date "2019.10.06"]
[Round "2.121"]
[White "Shohradowa, Lala"]
[Black "Leonova, Ameliya"]
[Result "1/2-1/2"]
[WhiteTitle "WFM"]
[WhiteElo "2024"]
[BlackElo "1748"]
[WhiteFideId "14004089"]
[BlackFideId "13512730"]
[EventDate "2019.10.05"]

1. d4 Nf6 2. Bf4 d5 3. e3 g6 4. Nf3 Bg7 5. c4 c6 6. Nc3 O-O 7. Be2 Bf5 8. O-O
Nbd7 9. Ne5 Ne4 10. Nxe4 Bxe4 11. Qb3 Nxe5 12. dxe5 Qb6 13. Qa3 dxc4 14. Bxc4 c5
15. f3 Bc6 16. Rf2 Rfd8 17. Rc1 Qb4 18. Qxb4 cxb4 19. e6 f5 20. Rfc2 a5 21. Bc7
Rdc8 22. Bb6 Re8 23. Rd2 a4 24. Kf2 a3 25. bxa3 bxa3 26. Bb3 Bb2 27. Rcc2 Kf8
28. Bd4 Bxd4 29. exd4 Red8 30. d5 Ba4 31. Rc3 Bxb3 32. Rxb3 Ra5 33. Rbd3 Rd6 34.
Ke3 Kg7 35. f4 Kf6 36. Ke2 Rc5 37. Rd4 Rb5 38. Kd1 Rc5 39. R4d3 h5 40. h4 Kg7
41. Ke2 Kf6 42. Ke3 Kg7 43. g3 Kf6 44. Rd1 Kg7 45. Rxa3 Rcxd5 46. Rxd5 Rxd5 47.
Rb3 b5 48. Rd3 1/2-1/2

[Event "Chigorin Memorial 2019"]
[Site "St Petersburg RUS"]
[Date "2019.10.06"]
[Round "2.122"]
[White "Ageeva, Vasilisa"]
[Black "Sokolov, Nikita Dm."]
[Result "0-1"]
[WhiteElo "1742"]
[BlackElo "2022"]
[WhiteFideId "24186120"]
[BlackFideId "34106526"]
[EventDate "2019.10.05"]

1. e4 c5 2. Nf3 d6 3. d4 cxd4 4. Nxd4 Nf6 5. Nc3 a6 6. Be3 e5 7. Nb3 Be7 8. Qd2
Be6 9. O-O-O O-O 10. f4 Ng4 11. Kb1 Nxe3 12. Qxe3 exf4 13. Qxf4 Nc6 14. Nd5 Bxd5
15. Rxd5 Qc7 16. Be2 Rfd8 17. Rf1 Bf6 18. Bh5 Ne7 19. Rd2 Ng6 20. Qf5 Re8 21.
Bxg6 hxg6 22. Qd5 Re5 23. Qxd6 Qxd6 24. Rxd6 Rxe4 25. h3 Rae8 26. c3 Re2 27. g4
Rh2 28. Rb6 Re7 29. Nc5 Rxh3 30. Nxb7 Rg3 31. Rxa6 Rxg4 32. Nd6 Kh7 33. Ra5 g5
34. Nf5 Rb7 35. Kc1 Rg2 36. Nd6 Rbxb2 37. Nxf7 Rgc2+ 38. Kd1 Rd2+ 39. Kc1 Rdc2+
40. Kd1 Rxc3 41. Nxg5+ Kg6 42. Ne4 Rh3 43. Kc1 Rhh2 44. Nxf6 gxf6 45. Ra6 Rhf2
46. Rxf6+ Kxf6 0-1

[Event "Chigorin Memorial 2019"]
[Site "St Petersburg RUS"]
[Date "2019.10.06"]
[Round "2.123"]
[White "Postanogov, Dmitrii"]
[Black "Trushnikov, Viacheslav"]
[Result "1-0"]
[WhiteElo "2019"]
[BlackElo "1723"]
[WhiteFideId "44120419"]
[BlackFideId "24115185"]
[EventDate "2019.10.05"]

1. e4 c5 2. Nf3 Nc6 3. Bb5 g6 4. Bxc6 dxc6 5. d3 Bg4 6. h3 Bxf3 7. Qxf3 Bg7 8.
O-O e5 9. Be3 b6 10. a4 a5 11. Nc3 Ne7 12. Qe2 O-O 13. f4 exf4 14. Rxf4 Bd4 15.
Nd1 Qd6 16. Qf2 f5 17. Bxd4 cxd4 18. Qg3 Qc5 19. Rc1 fxe4 20. Rxe4 Nf5 21. Qe1
Nd6 22. Re7 Qd5 23. Nf2 Nf5 24. Re5 Qd6 25. Re6 Qd5 26. Qe4 Qxe4 27. Nxe4 Rac8
28. Rf1 Kg7 29. g4 Ne3 30. Re7+ Kg8 31. Nf6+ Rxf6 32. Rxf6 Nxc2 33. Rff7 Nb4 34.
Rg7+ Kh8 35. Rxh7+ Kg8 36. Reg7+ Kf8 37. Rd7 Kg8 38. Rhg7+ Kh8 39. Rxg6 Nxd3 40.
Rxd4 Nxb2 41. Rd7 Nxa4 42. Rh6+ Kg8 43. g5 c5 44. g6 Rc6 45. h4 c4 46. h5 c3 47.
Rhh7 Rf6 48. Rd8+ Rf8 49. Rh8+ Kxh8 50. Rxf8+ Kg7 51. Rf7+ Kg8 52. h6 c2 53. h7+
Kh8 54. Rf8+ 1-0

[Event "Chigorin Memorial 2019"]
[Site "St Petersburg RUS"]
[Date "2019.10.06"]
[Round "2.124"]
[White "Shevtsova, Stefania"]
[Black "Vunder, Andrey"]
[Result "1/2-1/2"]
[WhiteElo "1715"]
[BlackElo "2027"]
[WhiteFideId "24218162"]
[BlackFideId "4128338"]
[EventDate "2019.10.05"]

1. e4 c6 2. d4 d5 3. e5 Bf5 4. Nd2 e6 5. Nb3 Nd7 6. Nf3 Ne7 7. Be2 Nc8 8. a4 Be7
9. O-O O-O 10. h3 a6 11. a5 Na7 12. Bd2 Rc8 13. c4 dxc4 14. Bxc4 Nb5 15. Rc1 Nc7
16. Qe2 Nd5 17. Rfd1 Re8 18. Qe1 h6 19. Nh2 Bg6 20. Nf1 Bf8 21. Ne3 Nf4 22. Nf1
Nd5 23. Ne3 Nf4 24. Nf1 Nd5 25. Ne3 Nf4 1/2-1/2

[Event "Chigorin Memorial 2019"]
[Site "St Petersburg RUS"]
[Date "2019.10.06"]
[Round "2.125"]
[White "Vorobieva, Varvara"]
[Black "Svergina, Sofya"]
[Result "1/2-1/2"]
[BlackTitle "WCM"]
[WhiteElo "2015"]
[BlackElo "1738"]
[WhiteFideId "44126590"]
[BlackFideId "24276120"]
[EventDate "2019.10.05"]

1. e4 c5 2. Nf3 d6 3. c3 Nf6 4. Be2 Bd7 5. e5 dxe5 6. Nxe5 Nc6 7. Nxd7 Qxd7 8.
d3 e6 9. Nd2 Be7 10. Nf3 O-O 11. O-O Rfd8 12. Bf4 Nd5 13. Ne5 Nxe5 14. Bxe5 Bd6
15. Bxd6 Qxd6 16. g3 Nf6 17. Qc2 Qc6 18. Rad1 Rab8 19. Rfe1 Rd6 20. Bf1 Rbd8 21.
a3 a5 22. Bg2 Qd7 23. Bf3 g6 24. Qc1 Kg7 25. Kg2 Qb5 26. Be2 Qc6+ 27. Bf3 Qb5
28. Be2 Qc6+ 29. Kg1 h6 30. Qc2 Rc8 31. a4 Nh7 32. Bf1 Ng5 33. Bg2 Nf3+ 34. Bxf3
Qxf3 35. Re3 Qc6 36. Re2 Rcd8 37. c4 Kh7 38. Re3 Rd4 39. h4 h5 40. b3 b6 41. Qe2
Qc7 1/2-1/2

[Event "Chigorin Memorial 2019"]
[Site "St Petersburg RUS"]
[Date "2019.10.06"]
[Round "2.126"]
[White "Snegovsky-Orlov, Alexandr"]
[Black "Trofimov, Ivan"]
[Result "0-1"]
[WhiteElo "1731"]
[BlackElo "2014"]
[WhiteFideId "4131487"]
[BlackFideId "44136870"]
[EventDate "2019.10.05"]

1. e4 c5 2. Nc3 Nc6 3. f4 g6 4. Nf3 Bg7 5. Bb5 e6 6. Bxc6 dxc6 7. d3 Ne7 8. O-O
O-O 9. Qe1 b6 10. b3 b5 11. Rb1 c4 12. bxc4 bxc4 13. d4 c5 14. dxc5 Qa5 15. Nd5
Qxc5+ 16. Be3 Qd6 17. Nxe7+ Qxe7 18. Qa5 Rd8 19. Bc5 Qe8 20. Ne5 c3 21. Rfd1
Rxd1+ 22. Rxd1 Bb7 23. Qc7 Bxe4 24. Rd7 Bxe5 25. fxe5 Bf5 26. Bb4 h5 27. a3 Rc8
28. Qxa7 Rd8 29. Re7 Qb5 30. Bd6 Qb1+ 31. Kf2 Qxc2+ 32. Kf3 Qe4+ 33. Kf2 Qf4+
34. Ke2 c2 35. Qc7 Rf8 36. Rxf7 Rxf7 37. Qd8+ Kh7 38. Qe8 Bg4+ 0-1

[Event "Chigorin Memorial 2019"]
[Site "St Petersburg RUS"]
[Date "2019.10.06"]
[Round "2.127"]
[White "Slugin, Yaroslav"]
[Black "Chagina, Ulyana"]
[Result "1-0"]
[WhiteElo "2014"]
[BlackElo "1605"]
[WhiteFideId "34142913"]
[BlackFideId "44158785"]
[EventDate "2019.10.05"]

1. d4 Nf6 2. Nf3 g6 3. Bg5 Bg7 4. Nbd2 c5 5. e3 cxd4 6. exd4 O-O 7. c3 d6 8. Bd3
h6 9. Bh4 Re8 10. O-O g5 11. Bg3 Nh5 12. Nxg5 Nxg3 13. Bh7+ Kf8 14. Nxf7 Ne2+
15. Qxe2 Kxf7 16. Qf3+ Bf6 17. Qh5+ Kf8 18. Qxh6+ Bg7 19. Qf4+ Bf6 20. Bg6 Nd7
21. Bxe8 Qxe8 22. Ne4 Qg6 23. Nxf6 Nxf6 24. Rfe1 a5 25. Re3 Bd7 26. Rae1 Re8 27.
Rg3 Qh7 28. Qg5 b6 29. Rf3 Kf7 30. Rxe7+ Rxe7 31. Qxf6+ Kg8 32. Qf8# 1-0

[Event "Chigorin Memorial 2019"]
[Site "St Petersburg RUS"]
[Date "2019.10.06"]
[Round "2.128"]
[White "Bondareva, Daria"]
[Black "Lekhtonen, Yaroslav"]
[Result "1-0"]
[WhiteTitle "WCM"]
[WhiteElo "2012"]
[BlackElo "1716"]
[WhiteFideId "44131356"]
[BlackFideId "24269484"]
[EventDate "2019.10.05"]

1. e4 e6 2. d4 d5 3. Nd2 c5 4. dxc5 Bxc5 5. Bd3 Nc6 6. Ngf3 Nf6 7. Qe2 O-O 8. c3
Qc7 9. O-O b6 10. e5 Ng4 11. Bxh7+ Kxh7 12. Ng5+ Kg8 13. Qxg4 Qxe5 14. Ngf3 Qf6
15. Nb3 e5 16. Qh5 Bd6 17. Rd1 Ne7 18. h3 Qf5 19. Qh4 Bb7 20. Nh2 Rad8 21. Nf1
Ng6 22. Qa4 Bb8 23. Ng3 Qe6 24. Re1 Qc8 25. Nd2 Nf4 26. Ndf1 d4 27. Bxf4 exf4
28. Ne4 f3 29. Nfg3 fxg2 30. Ng5 dxc3 31. Qh4 1-0

[Event "Chigorin Memorial 2019"]
[Site "St Petersburg RUS"]
[Date "2019.10.06"]
[Round "2.129"]
[White "Vorontsov, Dmitry"]
[Black "Saveljev, Ivan"]
[Result "0-1"]
[WhiteElo "1683"]
[BlackElo "2010"]
[WhiteFideId "24156892"]
[BlackFideId "54158257"]
[EventDate "2019.10.05"]

1. e4 c5 2. Nf3 Nc6 3. d3 e6 4. g3 d5 5. Nbd2 Nf6 6. Bg2 Be7 7. O-O O-O 8. h3 b6
9. Re1 Bb7 10. c3 Rc8 11. Qc2 Ba6 12. e5 Nd7 13. Nb3 Qc7 14. Bf4 Rfd8 15. Nbd2
Nf8 16. g4 Ng6 17. Bh2 b5 18. a4 b4 19. c4 dxc4 20. Nxc4 b3 21. Qxb3 Rb8 22. Qc3
Nb4 23. Rad1 Nd5 24. Qc1 Qc6 25. Nd6 Qxa4 26. Qxc5 Bb7 27. Ra1 Qd7 28. Rxa7 Ndf4
29. Qb5 Qxb5 30. Nxb5 Nxg2 31. Kxg2 Nh4+ 32. Kg3 Nxf3 33. Rea1 Bh4+ 34. Kf4 Nxh2
35. Nd6 Bf3 36. Rc1 Rb4+ 0-1

[Event "Chigorin Memorial 2019"]
[Site "St Petersburg RUS"]
[Date "2019.10.06"]
[Round "2.130"]
[White "Strukova, Ksenia"]
[Black "Lysenko, Olesya"]
[Result "1-0"]
[WhiteTitle "WCM"]
[WhiteElo "2002"]
[BlackElo "1706"]
[WhiteFideId "34106623"]
[BlackFideId "34106100"]
[EventDate "2019.10.05"]

1. e4 e6 2. d4 d5 3. Nd2 c5 4. exd5 Qxd5 5. Ngf3 cxd4 6. Bc4 Qd8 7. O-O Nc6 8.
Nb3 a6 9. Nbxd4 Nxd4 10. Nxd4 Qc7 11. Qe2 Bd6 12. h3 Ne7 13. c3 O-O 14. Be3 b5
15. Bb3 Bb7 16. Rac1 Nd5 17. Bd2 Nf4 18. Bxf4 Bxf4 19. Rcd1 Rfe8 20. Rfe1 g6 21.
Bc2 e5 22. Nf3 e4 23. Nd4 e3 24. f3 Bg3 25. Rf1 Qf4 26. Nb3 Bf2+ 27. Rxf2 exf2+
28. Qxf2 Rad8 29. Nd4 Bd5 30. Bb3 Bxb3 31. axb3 Re3 32. b4 Rde8 33. g3 Qe5 34.
Kg2 Re1 35. Rd2 Qc7 36. Nc2 Rb1 37. Ne3 Qe5 38. Ng4 Qe1 39. Nf6+ Kh8 40. Qxe1
Rexe1 41. g4 Kg7 42. Ne4 Rbd1 43. Rc2 f5 44. gxf5 gxf5 45. Ng3 Kg6 46. Ne2 Kg5
47. b3 f4 48. c4 Rb1 49. c5 Rxb3 50. c6 Rxb4 51. Kf2 1-0

[Event "Chigorin Memorial 2019"]
[Site "St Petersburg RUS"]
[Date "2019.10.06"]
[Round "2.131"]
[White "Pogosian, Vladimir"]
[Black "Andreeva, Anastasiia"]
[Result "1-0"]
[WhiteElo "1997"]
[BlackElo "1691"]
[WhiteFideId "13301586"]
[BlackFideId "44131542"]
[EventDate "2019.10.05"]

1. e4 c6 2. Nc3 d5 3. Qf3 e6 4. d3 Bb4 5. a3 Ba5 6. b4 Bc7 7. Bb2 Be5 8. Nge2
Qf6 9. Qh3 Ne7 10. g3 Bxc3+ 11. Bxc3 e5 12. Qg2 d4 13. Bd2 Qd6 14. f4 f6 15. g4
h6 16. Qg3 Be6 17. c3 dxc3 18. Bxc3 exf4 19. Nxf4 Nd7 20. Nxe6 Qxe6 21. Bh3
O-O-O 22. O-O g5 23. Rac1 Ng6 24. b5 Nf4 25. Rxf4 gxf4 26. Qxf4 Ne5 27. bxc6
bxc6 28. d4 Ng6 29. Qe3 Qd6 30. d5 Kb8 31. Be1 Ka8 32. Bg3 Qe7 33. Rxc6 Rc8 34.
Re6 Qg7 35. e5 Rhf8 36. d6 Rc2 37. Qe4+ Qb7 38. Qxc2 1-0

[Event "Chigorin Memorial 2019"]
[Site "St Petersburg RUS"]
[Date "2019.10.06"]
[Round "2.132"]
[White "Davidov, Alexey"]
[Black "Aga, Rihard"]
[Result "1/2-1/2"]
[WhiteElo "1658"]
[BlackElo "1960"]
[WhiteFideId "34106410"]
[BlackFideId "4505603"]
[EventDate "2019.10.05"]

1. e4 c6 2. d4 d5 3. Nd2 dxe4 4. Nxe4 Bf5 5. Ng3 Bg6 6. Nf3 Nd7 7. h4 h6 8. h5
Bh7 9. Bd3 Bxd3 10. Qxd3 e6 11. Bf4 Qa5+ 12. Bd2 Qc7 13. O-O-O O-O-O 14. Ne4
Ngf6 15. g3 Nxe4 16. Qxe4 Nf6 17. Qe2 Bd6 18. c4 c5 19. Bc3 Rhe8 20. Kb1 a6 21.
dxc5 Bxc5 22. Ne5 Rxd1+ 23. Rxd1 Rd8 24. Rxd8+ Kxd8 25. f4 Ke7 26. g4 Bd6 27. b3
Qb6 28. Kb2 Nd7 29. Nxd7 Kxd7 30. Qd2 f6 31. Ba5 Qc5 32. Bc3 Ke7 33. Qg2 Qc6 34.
Qxc6 bxc6 35. Bd2 f5 36. gxf5 exf5 37. Kc3 Kf7 38. Kd3 g6 39. hxg6+ Kxg6 40. Ke2
h5 41. Kf3 h4 42. b4 Kh5 43. a4 Kg6 44. b5 cxb5 45. cxb5 axb5 46. axb5 Kf7 47.
Be1 h3 48. Bg3 Ke6 49. Bh2 Kd5 50. Kg3 Kc5 51. Kxh3 Kxb5 1/2-1/2

[Event "Chigorin Memorial 2019"]
[Site "St Petersburg RUS"]
[Date "2019.10.06"]
[Round "2.133"]
[White "Danilova, Rada"]
[Black "Gusev, Mikhail"]
[Result "1-0"]
[WhiteTitle "WCM"]
[WhiteElo "1986"]
[BlackElo "1635"]
[WhiteFideId "34156760"]
[BlackFideId "34270140"]
[EventDate "2019.10.05"]

1. d4 Nf6 2. c4 c5 3. d5 b5 4. Qc2 bxc4 5. e4 g6 6. Bxc4 d6 7. Nf3 Bg7 8. O-O
O-O 9. Nc3 Ba6 10. Nb5 Qb6 11. a4 Ng4 12. h3 Ne5 13. Nxe5 Bxe5 14. Rb1 Bxb5 15.
Bxb5 a6 16. Bc4 Nd7 17. Be3 Bg7 18. b4 Bd4 19. Bxd4 cxd4 20. Rfc1 Rfc8 21. Qb3
Ne5 22. Bf1 d3 23. Rxc8+ Rxc8 24. Bxd3 a5 25. Bb5 axb4 26. Qe3 Qxe3 27. fxe3 Nc4
28. Rxb4 Nxe3 29. Bc6 Rc7 30. a5 Ra7 31. Rb8+ Kg7 32. Ra8 Rxa8 33. Bxa8 Nc4 34.
a6 Nb6 35. Bb7 Kf6 36. Kf2 e6 37. a7 h6 38. a8=Q Nxa8 39. Bxa8 Ke5 40. Ke3 exd5
41. exd5 f5 42. h4 g5 43. h5 f4+ 44. Kf3 Kf5 45. Bc6 g4+ 46. Kf2 Kg5 47. Be8 Kf5
48. Ke2 Ke4 49. Bf7 Kf5 50. Kd3 f3 51. gxf3 gxf3 52. Ke3 Kg4 53. Kf2 Kf4 54. Be8
Ke4 55. Bc6 Kf4 56. Bb5 Ke4 57. Bc4 Kf4 58. Ba2 Kg4 59. Bb3 Kxh5 60. Kxf3 Kg5
61. Kg3 h5 62. Kh3 Kf5 63. Kh4 Kf4 64. Kxh5 Kf5 65. Bd1 Ke5 66. Bf3 Kf4 67. Kg6 1-0

[Event "Chigorin Memorial 2019"]
[Site "St Petersburg RUS"]
[Date "2019.10.06"]
[Round "2.134"]
[White "Petrova, Varvara"]
[Black "Izoitko, Alexey"]
[Result "0-1"]
[WhiteElo "1647"]
[BlackElo "1981"]
[WhiteFideId "54191254"]
[BlackFideId "24106062"]
[EventDate "2019.10.05"]

1. e4 c5 2. Nf3 d6 3. d4 cxd4 4. Nxd4 Nf6 5. Nc3 g6 6. Be3 Bg7 7. f3 Nc6 8. Qd2
O-O 9. Bc4 Bd7 10. O-O-O Rb8 11. h4 b5 12. Bb3 Na5 13. Bh6 Nxb3+ 14. Nxb3 Bh8
15. h5 b4 16. Ne2 Re8 17. hxg6 fxg6 18. Bg5 Rf8 19. e5 Ne8 20. exd6 Nxd6 21.
Qd5+ Rf7 22. Rxh7 Kxh7 23. Rh1+ Kg8 24. Nf4 Rb5 25. Nc5 Rxc5 26. Qxc5 Qb6 27.
Qxb6 axb6 28. Nxg6 Bf6 29. Be3 Nc4 30. Bf2 Bxb2+ 31. Kb1 Bf6 32. Rd1 Ba4 33.
Rd8+ Kg7 34. Nh8 Rf8 35. Rxf8 Kxf8 36. Ng6+ Kf7 37. Nf4 Na3+ 38. Kc1 Bg5 39. g3
e5 0-1

[Event "Chigorin Memorial 2019"]
[Site "St Petersburg RUS"]
[Date "2019.10.06"]
[Round "2.135"]
[White "Erastov, Semen"]
[Black "Lebedev, Artem S."]
[Result "1-0"]
[WhiteElo "1981"]
[BlackElo "1561"]
[WhiteFideId "34147141"]
[BlackFideId "34272747"]
[EventDate "2019.10.05"]

1. d4 Nf6 2. c4 c5 3. d5 b5 4. cxb5 a6 5. bxa6 g6 6. Nc3 Bg7 7. Nf3 O-O 8. e4
Qa5 9. Nd2 d6 10. Be2 Bxa6 11. O-O Bxe2 12. Qxe2 Qa6 13. Nc4 Nbd7 14. a4 Rfb8
15. Bd2 Ne5 16. Nxe5 Qxe2 17. Nxe2 dxe5 18. Nc3 Rxb2 19. Bg5 Rb3 20. Bxf6 Bxf6
21. Rfc1 Bg5 22. Rc2 Bd2 23. Nd1 Bb4 24. Kf1 Ra3 25. Rxa3 Bxa3 26. Ra2 Rxa4 27.
Ne3 Ra5 28. Nc4 Ra4 29. Nxa3 Rxe4 30. Rc2 Ra4 31. Nc4 f6 32. Ke2 Kf7 33. Nd2 Ra5
34. Nb3 Rb5 35. Nxc5 Rb8 36. Kd3 f5 37. Kc4 Rc8 38. Kb5 e4 39. Kc4 Kf6 40. Kd4
Rd8 41. Ra2 Kf7 42. Ke5 Rc8 43. Ne6 h6 44. Nd4 Rc5 45. Ra7 Rc8 46. Nc6 Re8 47.
Rd7 Kf8 48. Ke6 f4 49. Ne5 e3 50. fxe3 fxe3 51. Nxg6+ Kg7 52. Nf4 Rf8 53. Rxe7+
Kg8 54. g3 h5 55. Kd6 h4 56. Rxe3 1-0